Statistics for Virginia Cities By Suffix

Click here to take the quiz!

General Stats

  • This quiz has been taken 11 times
  • The average score is 8 of 22

Answer Stats

Suffix City % Correct
...burgLynchburg
90%
...burgBlacksburg
80%
...villeCharlottesville
80%
...tonHampton
70%
...burgHarrisonburg
60%
...burgWilliamsburg
50%
...tonArlington
50%
...burgPetersburg
50%
...burgLeesburg
40%
...tonStaunton
40%
...villeDanville
40%
...burgFredericksburg
40%
...burgChristiansburg
30%
...villeMartinsville
30%
...villeMechanicsville
20%
...tonReston
10%
...villeCentreville
10%
...villeDranesville
0%
...villeGainesville
0%
...tonOakton
0%
...tonLorton
0%
...tonGroveton
0%

Score Distribution

Percentile by Number Answered

Percent of People with Each Score

Your Score History

You have not taken this quiz